Effective grief and bereavement support (Record no. 35026)
[ view plain ]
| 000 -LEADER | |
|---|---|
| fixed length control field | 01470nam a2200361Ia 4500 |
| 082 04 - DEWEY DECIMAL CLASSIFICATION NUMBER | |
| Classification number | 155.9/37 |
| 100 1# - MAIN ENTRY--AUTHOR NAME | |
| Personal name | Dyregrov, Kari. |
| 245 10 - TITLE STATEMENT | |
| Title | Effective grief and bereavement support |
| 260 ## - PUBLICATION, DISTRIBUTION, ETC. (IMPRINT) | |
| Place of publication | London ; |
| -- | Philadelphia : |
| Name of publisher | Jessica Kingsley Publishers, |
| Year of publication | 2008. |
| 300 ## - PHYSICAL DESCRIPTION | |
| Number of Pages | 271 p. |
| 650 #0 - SUBJECT ADDED ENTRY--TOPICAL TERM | |
| Topical Term | Bereavement |
| Topical Term | Grief |
| Topical Term | Social networks. |
| 700 1# - ADDED ENTRY--PERSONAL NAME | |
| Personal name | Dyregrov, Atle. |
| 856 40 - ELECTRONIC LOCATION AND ACCESS | |
| Uniform Resource Identifier | http://site.ebrary.com/lib/rucke/Doc?id=10251535 |
No items available.
